MotoGP 2026 Constructors & Teams - Statistics

General Stats
  • This quiz has been taken 62 times
  • The average score is 14 of 16
Answer Stats
Constructor Team % Correct
Ducati
100%
Ducati Ducati Lenovo Team
100%
Yamaha Monster Energy Yamaha MotoGP Team
96%
Yamaha
96%
Honda
94%
Honda Honda HRC Castrol
94%
Aprilia
92%
Aprilia Aprilia Racing
92%
KTM Red Bull KTM Factory Racing
92%
KTM
90%
Ducati Pertamina Enduro VR46 Racing Team
81%
Yamaha Prima Pramac Yamaha MotoGP
75%
Aprilia Trackhouse MotoGP Team
75%
Ducati BK8 Gresini Racing MotoGP
73%
Honda (Castrol/Pro) Honda LCR
62%
KTM Red Bull KTM Tech3
62%
No matching quizzes found
Score Distribution
Percent of People with Each Score
Percentile by Number Answered
Your Score History
You have not taken this quiz